[Event "Warsaw YMCA Spring 155th"]
[Site "Warsaw"]
[Date "2015.05.10"]
[Round "4"]
[White "Krawczyk, Cezary"]
[Black "Szymczak, Rafal"]
[Result "1/2-1/2"]
[WhiteElo "2085"]
[BlackElo "2069"]
[PlyCount "22"]
[EventDate "2015.04.10"]
[EventType "tourn"]
[EventRounds "13"]
[EventCountry "POL"]
[SourceTitle "EXT 2017"]
[Source "ChessBase"]
[SourceDate "2016.10.25"]
[SourceVersion "1"]
[SourceVersionDate "2016.10.25"]
[SourceQuality "1"]

1. e4 c6 2. d4 d5 3. Nc3 dxe4 4. Nxe4 Bf5 5. Ng3 Bg6 6. h4 h6 7. h5 Bh7 8. Nf3 Nd7 9. Bd3 Bxd3 10. Qxd3 e6 11. Bd2 Ngf6 1/2-1/2

[Event "Warsaw YMCA Spring 155th"]
[Site "Warsaw"]
[Date "2015.05.08"]
[Round "5"]
[White "Chomczyk, Marek"]
[Black "Krawczyk, Cezary"]
[Result "1-0"]
[WhiteElo "2112"]
[BlackElo "2085"]
[PlyCount "97"]
[EventDate "2015.04.10"]
[EventType "tourn"]
[EventRounds "13"]
[EventCountry "POL"]
[SourceTitle "EXT 2017"]
[Source "ChessBase"]
[SourceDate "2016.10.25"]
[SourceVersion "1"]
[SourceVersionDate "2016.10.25"]
[SourceQuality "1"]

1. d4 Nf6 2. c4 d5 3. Nc3 c6 4. e3 g6 5. Nf3 Bg7 6. Bd3 0-0 7. 0-0 a5 8. Bd2 Na6 9. c5 Bg4 10. Na4 e5 11. Nb6 e4 12. Nxa8 Qxa8 13. h3 Bh5 14. g4 Nxg4 15. hxg4 Bxg4 16. Be2 exf3 17. Bxf3 Bxf3 18. Qxf3 Nc7 19. Qg3 Ne8 20. Kg2 f5 21. Rae1 Nf6 22. f3 Rf7 23. Qf2 Nh5 24. Rh1 Qd8 25. Reg1 f4 26. Kf1 Ng3+ 27. Rxg3 fxg3 28. Qxg3 a4 29. Ke2 b6 30. Qh3 Bf8 31. Qe6 bxc5 32. dxc5 Qf6 33. Qxf6 Rxf6 34. Rh4 Bxc5 35. Rxa4 Re6 36. Kd3 h5 37. Ra8+ Kf7 38. b4 Bd6 39. a4 h4 40. Rh8 g5 41. Bc3 Re8 42. Rxe8 Kxe8 43. Ke2 h3 44. Kf2 Kd7 45. a5 Bb8 46. Bd4 Bd6 47. a6 Bxb4 48. a7 Be1+ 49. Kg1 1-0

[Event "Warsaw YMCA Spring 155th"]
[Site "Warsaw"]
[Date "2015.04.17"]
[Round "2"]
[White "Krawczyk, Cezary"]
[Black "Goslawski, Michal"]
[Result "0-1"]
[WhiteElo "2085"]
[BlackElo "2124"]
[PlyCount "84"]
[EventDate "2015.04.10"]
[EventType "tourn"]
[EventRounds "13"]
[EventCountry "POL"]
[SourceTitle "EXT 2017"]
[Source "ChessBase"]
[SourceDate "2016.10.25"]
[SourceVersion "1"]
[SourceVersionDate "2016.10.25"]
[SourceQuality "1"]

1. e4 d6 2. d4 Nf6 3. Nc3 g6 4. Bg5 Bg7 5. f4 0-0 6. Qd2 c6 7. Nf3 b5 8. e5 b4 9. exf6 bxc3 10. bxc3 exf6 11. Bh4 Re8+ 12. Kf2 Qa5 13. Bd3 Bg4 14. Rhe1 Nd7 15. Bg3 f5 16. Rxe8+ Rxe8 17. Re1 Rxe1 18. Qxe1 Bxf3 19. Kxf3 Nf8 20. Qe7 Qxc3 21. Qxd6 Bxd4 22. Ke2 c5 23. Qd5 Ne6 24. Qb3 Kf8 25. Qb8+ Kg7 26. Be1 Qa3 27. Kf1 Qc1 28. g3 Bc3 29. Qxa7 Qxe1+ 30. Kg2 Bd4 31. Qb7 h5 32. Qd5 Qf2+ 33. Kh3 Qxf4 34. Kg2 Qe3 35. h4 f4 36. Qf3 Qd2+ 37. Qe2 Qc1 38. Kf3 fxg3 39. Kxg3 Qf4+ 40. Kg2 Qxh4 41. Qe4 Qf2+ 42. Kh3 Ng5# 0-1

[Event "Warsaw YMCA Spring 155th"]
[Site "Warsaw"]
[Date "2015.04.09"]
[Round "1"]
[White "Rudolf, Michal"]
[Black "Krawczyk, Cezary"]
[Result "1-0"]
[WhiteElo "2322"]
[BlackElo "2085"]
[PlyCount "162"]
[EventDate "2015.04.10"]
[EventType "tourn"]
[EventRounds "13"]
[EventCountry "POL"]
[SourceTitle "EXT 2017"]
[Source "ChessBase"]
[SourceDate "2016.10.25"]
[SourceVersion "1"]
[SourceVersionDate "2016.10.25"]
[SourceQuality "1"]

1. e4 e5 2. Nf3 Nc6 3. Bb5 Nf6 4. d3 d6 5. c3 h6 6. 0-0 g6 7. d4 Bd7 8. Re1 Qe7 9. d5 Nb8 10. Qb3 b6 11. a4 a5 12. Na3 Bg7 13. Qc4 Qd8 14. Bxd7+ Nfxd7 15. Nb5 Na6 16. b4 0-0 17. Ba3 Kh7 18. Nd2 f5 19. Qd3 Qh4 20. Qg3 Qd8 21. Nc4 axb4 22. cxb4 Bf6 23. Qd3 fxe4 24. Rxe4 Bg5 25. Nc3 Qf6 26. Re2 e4 27. Qc2 Qd4 28. Rxe4 Qg7 29. Rae1 Rf7 30. f3 Raf8 31. Qd3 h5 32. Ne2 Nf6 33. Re6 Nb8 34. Bb2 Nbd7 35. Ng3 Kg8 36. Ne4 Qh6 37. a5 bxa5 38. bxa5 h4 39. a6 Bf4 40. Nxf6+ Nxf6 41. Bxf6 Rxf6 42. Rxf6 Rxf6 43. Re8+ Kf7 44. Qe4 Be5 45. Nxe5+ dxe5 46. Qxe5 Qc1+ 47. Qe1 Qxe1+ 48. Rxe1 Rxa6 49. Rc1 Ra7 50. Rc4 g5 51. g3 h3 52. g4 Kf6 53. Kf2 Ke5 54. Rc6 Kxd5 55. Rg6 c5 56. Rxg5+ Kd4 57. Rg8 Rc7 58. Rd8+ Ke5 59. Ke3 c4 60. f4+ Ke6 61. Rd2 c3 62. Re2 c2 63. Kd3+ Kd5 64. Rxc2 Ra7 65. Ke3 Ra3+ 66. Kf2 Ra4 67. Kg3 Ra3+ 68. Kh4 Ke4 69. f5 Kf3 70. Kxh3 Ra8 71. Kh4 Kf4 72. Rc4+ Ke5 73. Rc6 Kf4 74. Rh6 Rg8 75. h3 Ke5 76. Kh5 Rf8 77. Re6+ Kf4 78. Kg6 Rh8 79. f6 Rxh3 80. f7 Kxg4 81. f8Q Rf3 1-0

[Event "Warsaw YMCA Autumn-A 96th"]
[Site "Warsaw"]
[Date "2011.12.08"]
[Round "11"]
[White "Kaczorowski, Piotr"]
[Black "Krawczyk, Cezary"]
[Result "1-0"]
[WhiteElo "2093"]
[BlackElo "2098"]
[PlyCount "75"]
[EventDate "2011.09.29"]
[EventType "tourn"]
[EventRounds "11"]
[EventCountry "POL"]
[SourceTitle "EXT 2014"]
[Source "ChessBase"]
[SourceDate "2013.11.20"]
[SourceVersion "1"]
[SourceVersionDate "2013.11.20"]
[SourceQuality "1"]

1. a3 Nf6 2. Nf3 d5 3. d4 g6 4. e3 Bg7 5. Bd3 0-0 6. 0-0 b6 7. c4 dxc4 8. Bxc4 Bb7 9. Nc3 Nbd7 10. Qe2 a6 11. e4 b5 12. Ba2 c5 13. e5 Ng4 14. e6 cxd4 15. Nxd4 Nde5 16. exf7+ Kh8 17. Ne6 Qb8 18. f4 Qa7+ 19. Kh1 Nd3 20. Nd1 Nxc1 21. Rxc1 Nf6 22. Nxf8 Rxf8 23. Qe3 Qa8 24. Rc2 Be4 25. Rd2 Ng4 26. Qg3 Nh6 27. Ne3 Nxf7 28. Nd5 Qb7 29. Re1 Nd6 30. Nc3 Bf5 31. Bd5 Qc7 32. Rde2 Nc4 33. Rxe7 Qc5 34. Qh4 Nd6 35. Rxg7 Kxg7 36. Qe7+ Kh6 37. Qxf8+ Kh5 38. Bf3+ 1-0

[Event "Warsaw YMCA Autumn-A 96th"]
[Site "Warsaw"]
[Date "2011.12.01"]
[Round "10"]
[White "Krawczyk, Cezary"]
[Black "Grochulski, Grzegorz"]
[Result "0-1"]
[WhiteElo "2098"]
[BlackElo "2061"]
[PlyCount "62"]
[EventDate "2011.09.29"]
[EventType "tourn"]
[EventRounds "11"]
[EventCountry "POL"]
[SourceTitle "EXT 2014"]
[Source "ChessBase"]
[SourceDate "2013.11.20"]
[SourceVersion "1"]
[SourceVersionDate "2013.11.20"]
[SourceQuality "1"]

1. b3 e5 2. Bb2 d6 3. c4 g6 4. g3 Bg7 5. Bg2 Ne7 6. e3 Nbc6 7. Nc3 h5 8. a3 a5 9. h4 0-0 10. Nd5 Bg4 11. Qc2 Re8 12. Rc1 Nf5 13. Kf1 Nb8 14. Nc3 c6 15. Nge2 Nd4 16. exd4 exd4 17. Nf4 dxc3 18. Bxc3 Nd7 19. Bxg7 Kxg7 20. Qc3+ f6 21. f3 Bf5 22. Kf2 Nf8 23. Rhe1 Qd7 24. d4 Ne6 25. Nxe6+ Bxe6 26. f4 Bg4 27. d5 c5 28. Rxe8 Rxe8 29. Qxa5 Re2+ 30. Kf1 Qe7 31. Re1 Qe3 0-1

[Event "Warsaw YMCA Autumn-A 96th"]
[Site "Warsaw"]
[Date "2011.11.24"]
[Round "9"]
[White "Malec, Sebastian"]
[Black "Krawczyk, Cezary"]
[Result "1-0"]
[WhiteElo "2148"]
[BlackElo "2098"]
[PlyCount "111"]
[EventDate "2011.09.29"]
[EventType "tourn"]
[EventRounds "11"]
[EventCountry "POL"]
[SourceTitle "EXT 2014"]
[Source "ChessBase"]
[SourceDate "2013.11.20"]
[SourceVersion "1"]
[SourceVersionDate "2013.11.20"]
[SourceQuality "1"]

1. e4 e5 2. Nf3 Nc6 3. Bb5 Nf6 4. d3 Bc5 5. 0-0 d6 6. c3 a6 7. Ba4 b5 8. Bc2 h6 9. d4 exd4 10. cxd4 Bb6 11. h3 0-0 12. Nc3 Re8 13. a3 Bb7 14. Re1 Ne7 15. Nh4 Nh7 16. Qd3 Nf8 17. Be3 Nd5 18. Nxd5 Bxd5 19. exd5 Qxh4 20. a4 bxa4 21. Bxa4 Re7 22. Bc6 Rb8 23. Kh2 Ng6 24. g3 Qf6 25. f4 a5 26. f5 Nf8 27. Bf2 Ng6 28. Rf1 Nf8 29. g4 Qg5 30. Kg3 h5 31. Kf3 hxg4+ 32. hxg4 Ng6 33. fxg6 fxg6 34. Rae1 Rf7+ 35. Kg2 Rf4 36. Bd7 Qxd5+ 37. Kg3 Rf6 38. Qe3 Bxd4 39. Be6+ Rxe6 40. Qxe6+ Qxe6 41. Rxe6 Be5+ 42. Kg2 Rxb2 43. Re8+ Kf7 44. Ra8 Ra2 45. Rxa5 Rc2 46. Kf3 Ke6 47. Re1 Rc3+ 48. Re3 Rc4 49. Bg3 c5 50. Ra6 Kd5 51. Bxe5 dxe5 52. Rd3+ Rd4 53. Rxd4+ exd4 54. Rxg6 c4 55. Rg5+ Kd6 56. Ke4 1-0

[Event "Warsaw YMCA Autumn-A 96th"]
[Site "Warsaw"]
[Date "2011.11.10"]
[Round "7"]
[White "Cajbel, Maciej"]
[Black "Krawczyk, Cezary"]
[Result "1-0"]
[WhiteElo "2224"]
[BlackElo "2098"]
[PlyCount "99"]
[EventDate "2011.09.29"]
[EventType "tourn"]
[EventRounds "11"]
[EventCountry "POL"]
[SourceTitle "EXT 2014"]
[Source "ChessBase"]
[SourceDate "2013.11.20"]
[SourceVersion "1"]
[SourceVersionDate "2013.11.20"]
[SourceQuality "1"]

1. Nc3 Nf6 2. e4 d5 3. exd5 Nxd5 4. Bc4 e6 5. Qf3 Nb6 6. Bb3 c5 7. d3 Nc6 8. Nge2 a6 9. 0-0 Be7 10. Qg3 Bf6 11. Ne4 Nd4 12. Nxd4 cxd4 13. Bf4 Nd5 14. Bxd5 exd5 15. Bc7 Qe7 16. Nd6+ Kd7 17. Rae1 Qf8 18. Re8 Qxe8 19. Nxe8 Kxe8 20. Be5 Be6 21. Bxf6 gxf6 22. f4 f5 23. Qg7 Ke7 24. Qxd4 b5 25. Re1 Rhd8 26. c3 Rd7 27. a4 Rb8 28. axb5 axb5 29. Ra1 Rc7 30. Ra6 Kd7 31. Qe5 h5 32. Qd6+ Kc8 33. Rc6 Rxc6 34. Qxc6+ Kd8 35. Kf2 h4 36. h3 b4 37. Qd6+ Kc8 38. cxb4 Rb7 39. Ke3 Rd7 40. Qf8+ Kb7 41. Kd4 Rc7 42. Qd8 Rc2 43. Qxh4 Rxg2 44. Qe7+ Kb6 45. Qd6+ Kb7 46. b5 Rxb2 47. Qc6+ Kb8 48. b6 Ra2 49. Qc7+ Ka8 50. b7+ 1-0

[Event "Warsaw YMCA Autumn-A 96th"]
[Site "Warsaw"]
[Date "2011.10.20"]
[Round "4"]
[White "Krawczyk, Cezary"]
[Black "Delega, Tomasz"]
[Result "1-0"]
[WhiteElo "2098"]
[BlackElo "2182"]
[PlyCount "121"]
[EventDate "2011.09.29"]
[EventType "tourn"]
[EventRounds "11"]
[EventCountry "POL"]
[SourceTitle "EXT 2014"]
[Source "ChessBase"]
[SourceDate "2013.11.20"]
[SourceVersion "1"]
[SourceVersionDate "2013.11.20"]
[SourceQuality "1"]

1. Nf3 d5 2. g3 Nf6 3. Bg2 g6 4. 0-0 Bg7 5. d3 0-0 6. Nbd2 c5 7. e4 Nc6 8. Re1 e5 9. h3 d4 10. Nc4 Ne8 11. a4 Nd6 12. b3 Nxc4 13. bxc4 a5 14. Nd2 Nb4 15. Nb1 Bd7 16. c3 dxc3 17. Nxc3 Bc6 18. Nd5 b6 19. h4 Ra7 20. Ra3 h6 21. Rf1 Kh7 22. h5 Rb7 23. hxg6+ fxg6 24. Be3 Rbf7 25. Qd2 Bd7 26. f3 g5 27. Raa1 Be6 28. Rf2 Bd7 29. Bh1 g4 30. Rh2 gxf3 31. Bxh6 Kg8 32. Bg5 Qe8 33. Nxb6 Bc6 34. Kf2 Rb7 35. Nd5 Bxa4 36. Ne7+ Rxe7 37. Bxe7 Qxe7 38. Rxa4 Qd7 39. Ra3 Qd4+ 40. Kf1 Rf6 41. Rxa5 Rf8 42. Ra3 Rd8 43. Rf2 Rd6 44. Rxf3 Bh6 45. Qf2 Qxf2+ 46. Kxf2 Bc1 47. Ra8+ Kg7 48. Ke2 Bg5 49. Bg2 Nc2 50. Rff8 Nd4+ 51. Kf2 Ne6 52. Rg8+ Kf6 53. Bh3 Nc7 54. Raf8+ Ke7 55. Rf5 Bf6 56. Bf1 Rb6 57. g4 Bh4+ 58. Kg2 Rb2+ 59. Kh3 Be1 60. Rg7+ Ke6 61. Rxc7 1-0

[Event "Warsaw YMCA Autumn-A 96th"]
[Site "Warsaw"]
[Date "2011.10.13"]
[Round "3"]
[White "Kielar, Maciej"]
[Black "Krawczyk, Cezary"]
[Result "0-1"]
[WhiteElo "2098"]
[BlackElo "2098"]
[PlyCount "72"]
[EventDate "2011.09.29"]
[EventType "tourn"]
[EventRounds "11"]
[EventCountry "POL"]
[SourceTitle "EXT 2014"]
[Source "ChessBase"]
[SourceDate "2013.11.20"]
[SourceVersion "1"]
[SourceVersionDate "2013.11.20"]
[SourceQuality "1"]

1. e4 e5 2. Nf3 Nc6 3. Bb5 f5 4. d3 Nf6 5. 0-0 fxe4 6. dxe4 Bc5 7. Bg5 d6 8. c3 h6 9. Be3 Bxe3 10. fxe3 a6 11. Bc4 g5 12. Nbd2 Qe7 13. Nd4 exd4 14. Rxf6 Qxf6 15. Qh5+ Kd8 16. Rf1 Qe5 17. exd4 Nxd4 18. Kh1 Ne6 19. Nf3 Qg7 20. Bxe6 Bxe6 21. Nd4 Bc4 22. b3 Rf8 23. Rf5 Rxf5 24. exf5 c5 25. Nc2 Bd3 26. Qd1 Bxc2 27. Qxd6+ Qd7 28. Qf8+ Kc7 29. Qxc5+ Kb8 30. h3 Bxf5 31. Qf8+ Ka7 32. Qxh6 Re8 33. Qxg5 Re1+ 34. Kh2 Qd6+ 35. g3 Re2+ 36. Kg1 Qd1# 0-1

[Event "Warsaw YMCA Winter-A 74th"]
[Site "Warsaw"]
[Date "2010.03.30"]
[Round "13"]
[White "Krasiewicz, Robert"]
[Black "Krawczyk, Cezary"]
[Result "1/2-1/2"]
[WhiteElo "2097"]
[BlackElo "2110"]
[PlyCount "22"]
[EventDate "2010.01.08"]
[EventType "tourn"]
[EventRounds "13"]
[EventCountry "POL"]
[SourceTitle "EXT 2011"]
[Source "ChessBase"]
[SourceDate "2010.11.26"]
[SourceVersion "1"]
[SourceVersionDate "2010.11.26"]
[SourceQuality "1"]

1. d4 d6 2. Nf3 g6 3. g3 Bg7 4. Bg2 Nd7 5. 0-0 e5 6. e4 Ne7 7. Re1 0-0 8. Nc3 exd4 9. Nxd4 Nc6 10. Nxc6 bxc6 11. Bf4 Rb8 1/2-1/2

[Event "Warsaw YMCA Winter-A 74th"]
[Site "Warsaw"]
[Date "2010.03.22"]
[Round "9"]
[White "Lewandowski, Rafal"]
[Black "Krawczyk, Cezary"]
[Result "1-0"]
[WhiteElo "2164"]
[BlackElo "2110"]
[PlyCount "77"]
[EventDate "2010.01.08"]
[EventType "tourn"]
[EventRounds "13"]
[EventCountry "POL"]
[SourceTitle "EXT 2011"]
[Source "ChessBase"]
[SourceDate "2010.11.26"]
[SourceVersion "1"]
[SourceVersionDate "2010.11.26"]
[SourceQuality "1"]

1. e4 c5 2. Nf3 e6 3. d4 cxd4 4. Nxd4 Nf6 5. Nc3 Nc6 6. Nxc6 bxc6 7. e5 Nd5 8. Ne4 Qc7 9. f4 Qb6 10. c4 Ne3 11. Qd3 Bb4+ 12. Bd2 0-0 13. b3 Ba6 14. Bxb4 Qxb4+ 15. Kf2 Ng4+ 16. Kg3 Nh6 17. Kh3 Rad8 18. Rd1 f6 19. Qd6 Qa5 20. Qd2 Qxd2 21. Nxd2 fxe5 22. fxe5 Rf5 23. Nf3 g5 24. Nd4 Rxe5 25. Nxc6 Re3+ 26. g3 Rf8 27. Rxd7 e5 28. Ne7+ Kf7 29. Rxa7 Rf3 30. Nf5+ Kg6 31. Rxa6+ Kxf5 32. Rxh6 Rf2 33. Bd3+ e4 34. Bb1 Rf7 35. Rd6 Ke5 36. Rd5+ Ke6 37. Bxe4 Rg7 38. g4 h5 39. Bf5+ 1-0

[Event "Mazowiec-chT op 0910"]
[Site "Mazowsze"]
[Date "2009.12.13"]
[Round "2.9"]
[White "Jaworski, Andrzej"]
[Black "Krawczyk, Cezary"]
[Result "0-1"]
[WhiteElo "2056"]
[BlackElo "2110"]
[PlyCount "83"]
[EventDate "2009.11.29"]
[EventType "team-tourn"]
[EventRounds "10"]
[EventCountry "POL"]
[SourceTitle "EXT 2011"]
[Source "ChessBase"]
[SourceDate "2010.11.26"]
[SourceVersion "1"]
[SourceVersionDate "2010.11.26"]
[SourceQuality "1"]

1. e4 c5 2. Nf3 e6 3. d4 cxd4 4. Nxd4 Nf6 5. Bd3 Nc6 6. Nxc6 bxc6 7. 0-0 d5 8. exd5 cxd5 9. Bg5 Be7 10. Nd2 0-0 11. Nf3 h6 12. Bh4 Bb7 13. Re1 Qb6 14. Rb1 Ne4 15. Bxe4 Bxh4 16. Bh7+ Kxh7 17. Qd3+ Kg8 18. Nxh4 Rac8 19. c3 Ba6 20. Qe3 Qb7 21. Nf3 Rc4 22. Nd4 Qc7 23. f3 Re8 24. Qe5 Qxe5 25. Rxe5 Rb8 26. Re3 Ra4 27. a3 Rxa3 28. Nc6 Rb6 29. Nb4 Rb3 30. Ree1 Bc4 31. Ra1 a6 32. Reb1 d4 33. Ra3 Rxa3 34. bxa3 a5 35. cxd4 axb4 36. axb4 Kf8 37. Kf2 Ke7 38. Ke3 Kd6 39. Rb2 Ra6 40. h4 Ra3+ 41. Ke4 g5 42. hxg5 0-1

[Event "Warsaw YMCA Autumn 42nd"]
[Site "Warsaw"]
[Date "2007.11.09"]
[Round "7"]
[White "Krawczyk, Cezary"]
[Black "Przybyla, Kamil"]
[Result "1/2-1/2"]
[WhiteElo "2087"]
[BlackElo "2035"]
[PlyCount "51"]
[EventDate "2007.09.26"]
[EventType "tourn"]
[EventRounds "11"]
[EventCountry "POL"]
[SourceTitle "EXT 2019"]
[Source "ChessBase"]
[SourceDate "2018.10.10"]
[SourceVersion "1"]
[SourceVersionDate "2018.10.10"]
[SourceQuality "1"]

1. e4 e6 2. d4 d5 3. Nc3 Bb4 4. Nge2 b6 5. a3 Bxc3+ 6. Nxc3 Nf6 7. Bg5 h6 8. Bxf6 Qxf6 9. exd5 0-0 10. Bc4 exd5 11. Bxd5 Re8+ 12. Ne2 Nc6 13. 0-0 Ba6 14. Re1 Rxe2 15. Rxe2 Bxe2 16. Qxe2 Nxd4 17. Qc4 Rd8 18. c3 Qf5 19. cxd4 Qxd5 20. Qxc7 Qxd4 21. h3 Re8 22. Qxa7 Re2 23. Qa8+ Kh7 24. Qf3 Qxb2 25. Rd1 Re7 26. Qd3+ 1/2-1/2

[Event "Warsaw YMCA Autumn 42nd"]
[Site "Warsaw"]
[Date "2007.10.12"]
[Round "3"]
[White "Krawczyk, Cezary"]
[Black "Matuszewski, Michal"]
[Result "1-0"]
[WhiteElo "2087"]
[BlackElo "2144"]
[PlyCount "121"]
[EventDate "2007.09.26"]
[EventType "tourn"]
[EventRounds "11"]
[EventCountry "POL"]
[SourceTitle "EXT 2019"]
[Source "ChessBase"]
[SourceDate "2018.10.10"]
[SourceVersion "1"]
[SourceVersionDate "2018.10.10"]
[SourceQuality "1"]

1. e4 c5 2. c3 Nf6 3. e5 Nd5 4. d4 cxd4 5. Nf3 Nc6 6. Bc4 Nb6 7. Bb3 d6 8. exd6 Qxd6 9. 0-0 Be6 10. Bxe6 Qxe6 11. Nxd4 Nxd4 12. Qxd4 Rd8 13. Qb4 Qc4 14. Qxc4 Nxc4 15. b3 Ne5 16. Be3 a6 17. Bb6 Rd3 18. Re1 Nc6 19. Kf1 g6 20. Ke2 Rd5 21. Nd2 Bg7 22. Rac1 Bh6 23. Rcd1 Rb5 24. Nc4 Bg7 25. Kd3 Ne5+ 26. Kc2 0-0 27. Nxe5 Bxe5 28. Bd4 Bxd4 29. Rxd4 e6 30. c4 Rh5 31. h3 Rc8 32. b4 Kg7 33. Kb3 Rf5 34. Re2 Rc7 35. a4 a5 36. b5 Kf6 37. Rc2 Ke7 38. Rcd2 e5 39. Rd5 Rf4 40. Rc2 f6 41. b6 Rc6 42. Rxa5 Rxb6+ 43. Rb5 Rxb5+ 44. cxb5 b6 45. f3 Rd4 46. Rc7+ Rd7 47. Rxd7+ Kxd7 48. a5 bxa5 49. Ka4 f5 50. Kxa5 Kd6 51. Kb4 Kd5 52. b6 Kc6 53. Kc4 Kxb6 54. Kd5 Kb5 55. Kxe5 Kc5 56. Kf6 Kd5 57. Kg5 Ke5 58. Kh6 Kf4 59. Kxh7 g5 60. g4 fxg4 61. fxg4 1-0

[Event "Warsaw YMCA Autumn 42nd"]
[Site "Warsaw"]
[Date "2007.09.28"]
[Round "1"]
[White "Krawczyk, Cezary"]
[Black "Gacek, Waldemar"]
[Result "1/2-1/2"]
[WhiteElo "2087"]
[BlackElo "2091"]
[PlyCount "88"]
[EventDate "2007.09.26"]
[EventType "tourn"]
[EventRounds "11"]
[EventCountry "POL"]
[SourceTitle "EXT 2019"]
[Source "ChessBase"]
[SourceDate "2018.10.10"]
[SourceVersion "1"]
[SourceVersionDate "2018.10.10"]
[SourceQuality "1"]

1. e4 c6 2. d4 d5 3. Nd2 dxe4 4. Nxe4 Nd7 5. Ng5 Ngf6 6. Bd3 e6 7. N1f3 Bd6 8. Qe2 h6 9. Ne4 Nxe4 10. Qxe4 Nf6 11. Qe2 Qc7 12. Bd2 b6 13. 0-0-0 Bb7 14. Kb1 0-0-0 15. c4 c5 16. Bc3 Rhe8 17. Ka1 Re7 18. Rc1 Bxf3 19. Qxf3 Qb7 20. d5 exd5 21. Bxf6 gxf6 22. cxd5 Be5 23. Be4 Qa6 24. Rhd1 Qb5 25. Rc2 Kb8 26. Kb1 Qe8 27. Bd3 Bd4 28. Qf4+ Be5 29. Qc4 Bd4 30. Qb3 Re1 31. Rcc1 Rxd1 32. Rxd1 Qe5 33. f3 Qxd5 34. Qb5 Qd7 35. Qc4 Qe6 36. Qc2 Re8 37. Be4 Qe5 38. h3 h5 39. Bd3 Qg3 40. a3 Re1 41. Rxe1 Qxe1+ 42. Ka2 Qf2 43. Qxf2 Bxf2 44. Bc4 h4 1/2-1/2

[Event "Warsaw YMCA Summer-A 38th"]
[Site "Warsaw"]
[Date "2007.07.25"]
[Round "10"]
[White "Krawczyk, Cezary"]
[Black "Proszynski, Waldemar"]
[Result "0-1"]
[WhiteElo "2087"]
[BlackElo "2078"]
[PlyCount "102"]
[EventDate "2007.07.06"]
[EventType "tourn"]
[EventRounds "10"]
[EventCountry "POL"]
[SourceTitle "EXT 2011"]
[Source "ChessBase"]
[SourceDate "2010.11.26"]
[SourceVersion "1"]
[SourceVersionDate "2010.11.26"]
[SourceQuality "1"]

1. e4 c6 2. d4 d5 3. Nd2 dxe4 4. Nxe4 Nd7 5. Ng5 Ngf6 6. Bd3 h6 7. Ne6 Qb6 8. Nxf8 Nxf8 9. Nf3 Bg4 10. 0-0 Bxf3 11. Qxf3 Qxd4 12. Re1 Qg4 13. Qe3 Nd5 14. Qc5 Nd7 15. Qa3 Qb4 16. Re4 Qxa3 17. bxa3 Nc5 18. Rg4 Nxd3 19. cxd3 g6 20. Bb2 Rg8 21. Kf1 0-0-0 22. Ke2 Rd6 23. g3 h5 24. Re4 Kd7 25. Rb1 Re6 26. Bd4 b6 27. a4 c5 28. Ba1 Rxe4+ 29. dxe4 Nc7 30. a5 Kc6 31. axb6 axb6 32. Be5 Ra8 33. Rb2 Nb5 34. Bg7 Rg8 35. Bh6 Ra8 36. Bg7 f6 37. e5 f5 38. Ke3 Nd4 39. h3 Ra3+ 40. Kd2 Ne6 41. Bh6 b5 42. Kc1 f4 43. gxf4 Rxh3 44. Re2 Rf3 45. Re4 Rxf2 46. a4 Kd5 47. Re3 bxa4 48. Ra3 Nxf4 49. Rxa4 Nd3+ 50. Kd1 Nb2+ 51. Ke1 Nxa4 0-1

[Event "Warsaw YMCA Summer-A 38th"]
[Site "Warsaw"]
[Date "2007.07.06"]
[Round "1"]
[White "Krawczyk, Cezary"]
[Black "Bielinski, Leszek"]
[Result "1/2-1/2"]
[WhiteElo "2087"]
[BlackElo "2139"]
[PlyCount "58"]
[EventDate "2007.07.06"]
[EventType "tourn"]
[EventRounds "10"]
[EventCountry "POL"]
[SourceTitle "EXT 2011"]
[Source "ChessBase"]
[SourceDate "2010.11.26"]
[SourceVersion "1"]
[SourceVersionDate "2010.11.26"]
[SourceQuality "1"]

1. e4 e5 2. Nf3 Nc6 3. Nc3 Nf6 4. d4 exd4 5. Nxd4 Bb4 6. Nxc6 bxc6 7. Bd3 0-0 8. 0-0 d5 9. exd5 cxd5 10. Bg5 Be6 11. Ne2 h6 12. Bh4 c5 13. c3 Ba5 14. Rb1 Bc7 15. f4 c4 16. Bc2 Bg4 17. h3 Bxe2 18. Qxe2 Re8 19. Qf3 d4 20. Ba4 Re3 21. Qc6 dxc3 22. Rbd1 Rd3 23. Bxf6 gxf6 24. bxc3 Bb6+ 25. Kh2 Rc8 26. Qe4 Rc5 27. Bc2 f5 28. Qe2 Rxd1 29. Rxd1 Rd5 1/2-1/2

[Event "Warsaw YMCA Autumn 28th"]
[Site "Warsaw"]
[Date "2006.12.13"]
[Round "10"]
[White "Delega, Tomasz"]
[Black "Krawczyk, Cezary"]
[Result "1-0"]
[WhiteElo "2116"]
[BlackElo "2097"]
[PlyCount "83"]
[EventDate "2006.09.27"]
[EventType "tourn"]
[EventRounds "11"]
[EventCountry "POL"]
[SourceTitle "EXT 2011"]
[Source "ChessBase"]
[SourceDate "2010.11.26"]
[SourceVersion "1"]
[SourceVersionDate "2010.11.26"]
[SourceQuality "1"]

1. e4 c6 2. d4 d5 3. Nc3 dxe4 4. Nxe4 Bf5 5. Ng3 Bg6 6. Nf3 Nd7 7. Be2 e6 8. 0-0 Bd6 9. c4 Ngf6 10. Bd2 0-0 11. Bc3 Qc7 12. Rc1 c5 13. dxc5 Bf4 14. Bd2 Nxc5 15. Bxf4 Qxf4 16. Qd4 Qxd4 17. Nxd4 Rfd8 18. Rfd1 Kf8 19. b4 Na4 20. Nb5 a6 21. Nd6 Rd7 22. c5 Ke7 23. Bf3 Rb8 24. Nc4 Rbd8 25. Rxd7+ Rxd7 26. c6 Rd8 27. cxb7 Nd5 28. Na5 Kf6 29. Nc6 Rf8 30. Bxd5 exd5 31. b8Q Rxb8 32. Nxb8 h5 33. Nxa6 h4 34. Nf1 d4 35. b5 Nc3 36. Ra1 Be4 37. Nd2 Bd3 38. a4 g5 39. Nc5 Bf5 40. b6 h3 41. gxh3 Ne2+ 42. Kh1 1-0

[Event "Warsaw YMCA Autumn 28th"]
[Site "Warsaw"]
[Date "2006.12.08"]
[Round "9"]
[White "Krawczyk, Cezary"]
[Black "Pekacki, Stanislaw"]
[Result "1-0"]
[WhiteElo "2097"]
[BlackElo "2124"]
[PlyCount "85"]
[EventDate "2006.09.27"]
[EventType "tourn"]
[EventRounds "11"]
[EventCountry "POL"]
[SourceTitle "EXT 2011"]
[Source "ChessBase"]
[SourceDate "2010.11.26"]
[SourceVersion "1"]
[SourceVersionDate "2010.11.26"]
[SourceQuality "1"]

1. e4 c5 2. c3 Nf6 3. e5 Nd5 4. d4 cxd4 5. Nf3 Nc6 6. Bc4 Nb6 7. Bb3 d5 8. exd6 Qxd6 9. 0-0 e6 10. Na3 a6 11. Qe2 Be7 12. Rd1 0-0 13. Nxd4 Nxd4 14. Rxd4 Qc6 15. Nc4 Nxc4 16. Rxc4 Qe8 17. Qf3 e5 18. Re4 Bf6 19. Bd5 Qd8 20. Re1 Rb8 21. Be3 b6 22. Rad1 Qc7 23. Rd2 b5 24. Red1 a5 25. a3 Bb7 26. Bxb7 Qxb7 27. Qf5 Qc7 28. Rd7 Rbd8 29. g4 Rxd7 30. Rxd7 Qc6 31. g5 g6 32. Qd3 Bg7 33. Qd5 Qxd5 34. Rxd5 Rb8 35. Ba7 Ra8 36. Bb6 b4 37. Bxa5 bxa3 38. bxa3 f5 39. Rd8+ Rxd8 40. Bxd8 Bf8 41. a4 Bc5 42. Bf6 Kf7 43. Bxe5 1-0

[Event "Mazowieckie-chT 0506"]
[Site "Poland"]
[Date "2006.01.08"]
[Round "7"]
[White "Krawczyk, Cezary"]
[Black "Rogulski, Witold"]
[Result "0-1"]
[WhiteElo "2000"]
[BlackElo "2058"]
[PlyCount "52"]
[EventDate "2005.10.09"]
[EventType "team-tourn"]
[EventRounds "9"]
[EventCountry "POL"]
[SourceTitle "EXT 2019"]
[Source "ChessBase"]
[SourceDate "2018.10.10"]
[SourceVersion "1"]
[SourceVersionDate "2018.10.10"]
[SourceQuality "1"]

1. e4 e5 2. Nf3 Nc6 3. Bb5 a6 4. Ba4 Nf6 5. 0-0 b5 6. Bb3 Bb7 7. c3 Bc5 8. Qe2 0-0 9. a4 d6 10. h3 Ne7 11. d4 Bb6 12. dxe5 dxe5 13. Bc2 Ng6 14. Rd1 Qe7 15. axb5 axb5 16. Rxa8 Rxa8 17. Bg5 h6 18. Bh4 Nxh4 19. Nxh4 g6 20. g3 Nh5 21. Nf5 Qg5 22. Kh2 gxf5 23. exf5 Nf6 24. Nd2 Qh5 25. g4 Qg5 26. Qxe5 Nxg4+ 0-1